| 000 | 00000nam##2200000za#4500 |
| 001 | 9.662815 |
| 003 | CaOODSP |
| 005 | 20210615120740 |
| 007 | ta |
| 008 | 150407|2001||||xxc||||| f|0| 0 eng|d |
| 020 | |a0-662-65775-6 |
| 040 | |aCaOODSP|beng |
| 041 | |aeng |
| 041 | |afre |
| 043 | |an-cn--- |
| 086 | 1 |aSW21-80/2001 |
| 110 | 1 |aCanada. |bStatus of Women Canada. |
| 245 | 10|aWomen's movements and state feminism : |bintegrating diversity into public policy / |cby L. Pauline Rankin, Jill Vickers and Ann-Marie Field. |
| 260 | |aOttawa - Ontario : |bStatus of Women Canada |c2001. |
| 300 | |aEnglish text, v, 68p. ; |c28 cm. |
| 500 | |a"This study examines the relationship between women's movements and state feminism in order to explore the opportunities and constraints for integrating diversity questions into public policy making."--Abstract. |
| 520 | 3 |aThis study examines the relationship between women's movements and state feminism in order to explore the opportunities and constraints for integrating diversity questions into public policy making.--Abstract |
| 546 | |aBilingual |
| 563 | |aSoftcover |
| 590 | |a01-23|b2001-06-08 |
| 690 | 07|aGovernment policy|2gcpds |
| 690 | 07|aViolence against women|2gcpds |
| 690 | 07|aStatus of women|2gcpds |
| 690 | 07|aSocial movement|2gcpds |
| 720 | 1 |aRankin, L. Pauline |
| 720 | 1 |aVickers, Jill |
| 720 | 1 |aField, Ann-Marie |
| 776 | 0#|tLes mouvements de femmes et le féminisme d'État : |w(CaOODSP)9.632943 |
| 776 | 0#|tWomen's movements and state feminism : |w(CaOODSP)9.688517 |
| 792 | |tLes mouvements de femmes et le féminisme d'État : |efre|w(CaOODSP)9.662816 |